000 00766nam a2200241Ia 4500
003 OSt
005 20220926022609.0
006 a|||||r|||| 00| 0
007 ta
008 220923b |||||||| |||| 00| 0 eng d
037 _cGeneral Book
040 _aRTL
_cRTL
_beng
041 _2eng
_aeng
082 _aX9:20aD6,81.1(X).N7, L2
110 _aUnited Nations Industrial Development Organization.
_9236254
245 0 _aEffectives use of machine tools and related aspect
260 _aNew York
_bUnited nations USA
_c1972
300 _aix, 78p.
_ccm.
650 _aProduction
700 _aUnited Nations Industrial Development Organization.
_9236255
942 _hX9:20aD6,81.1(X).N7, L2
_cGB
_2CC
999 _c639858
_d639858